Nalezení /
Detektivní román ze série s detektivem Tomášem Volfem, který se účastní pátrání po pohřešované dívce v blízkosti místa, kde vyrůstal, a které ho vede k nepříjemným vzpomínkám. Autor byl už dvakrát oceněn za nejlepší českou detektivku.
Uloženo v:
| Série: | Detektiv Volf,
část 5 |
|---|---|
| Hlavní autor: | |
| Médium: | E-kniha |
| Jazyk: | Czech |
| Vydáno: |
Praha :
Motto,
2022
|
| Vydání: | 1. vydání |
| Témata: | |
| Příbuzné jednotky: | Z cyklu::
Detektiv Volf |
| Tagy: |
Žádné tagy |
| LEADER | 02396nam a2200409 i 4500 | ||
|---|---|---|---|
| 001 | 311654 | ||
| 003 | CZ PrSKC | ||
| 005 | 20260601215709.0 | ||
| 007 | ta | ||
| 008 | 220915s2022 xr g 000 f cze | ||
| 015 | |a cnb003447288 | ||
| 020 | |a 9788026723301 |q (vázáno) : |c Kč 349,00 | ||
| 035 | |a (OCoLC)1350559215 | ||
| 040 | |a ABG001 |b cze |d ABA001 |e rda | ||
| 072 | 7 | |a 821.162.3-3 |x Česká próza |2 Konspekt | |
| 080 | |a 821.162.3-31 |2 MRF | ||
| 080 | |a (0:82-312.4) |2 MRF | ||
| 100 | 1 | |a Březina, Jiří, |d 1980- |7 xx0114321 |4 aut | |
| 245 | 1 | 0 | |a Nalezení / |c Jiří Březina |
| 250 | |a 1. vydání | ||
| 264 | 1 | |a Praha : |b Motto, |c 2022 | |
| 300 | |a 247 stran ; |c 21 cm | ||
| 336 | |a text |b txt |2 rdacontent | ||
| 337 | |a bez média |b n |2 rdamedia | ||
| 338 | |a svazek |b nc |2 rdacarrier | ||
| 520 | 2 | |a Detektivní román ze série s detektivem Tomášem Volfem, který se účastní pátrání po pohřešované dívce v blízkosti místa, kde vyrůstal, a které ho vede k nepříjemným vzpomínkám. Autor byl už dvakrát oceněn za nejlepší českou detektivku. |b V kanceláři soukromé vyšetřovatelky Evy Černé se objeví zoufalý otec pohřešované Elišky. Dívka způsobila tragédii, utekla a zřejmě si chce ublížit. Rozjíždí se intenzivní pátrání a na místo dorazí i Tomáš Volf, který vyrůstal v nedalekém maloměstě. Vyšetřování však otevírá staré rány místních obyvatel. Tomáš se vrací k létu, které chtěl navždy vytěsnit z paměti. Jenže právě jeho vzpomínky mohou být jedinou šancí k nalezení zmizelé. Čas neúprosně běží. Nakladatelská anotace. | |
| 655 | 7 | |a české romány |7 fd133974 |2 czenas | |
| 655 | 7 | |a detektivní romány |7 fd132010 |2 czenas | |
| 655 | 9 | |a Czech fiction |2 eczenas | |
| 655 | 9 | |a detective novels |2 eczenas | |
| 787 | 0 | 8 | |i Z cyklu: |t Detektiv Volf |g 5 |
| 900 | |a ABA001 |b 21 | ||
| 928 | 9 | |a Albatros Media - Motto | |
| 044 | |a xr | ||
| 910 | |a RBIT002 | ||
| 998 | |d 359449 |a https://core.palmknihy.cz/api/books/359449/cover?si6d2p |b https://core.palmknihy.cz/api/books/359449/cover/400?si6d2p |c https://core.palmknihy.cz/api/books/359449/cover/50?si6d2p |e 2032-12-31 |g 256 |i 9788026723301 |j https://core.palmknihy.cz/api/books/359449/preview.epub |k https://core.palmknihy.cz/api/books/359449/preview.pdf |l |q 49 |r 1 |s https://www.palmknihy.cz/kniha/359449 |t ebook |y 2022 |z 0 |v Policista Tomáš Volf |w 5 | ||
| 999 | |d 311652 | ||